Statistics for The Other Side Lyrics (Greatest Showman) Part 2

Click here to take the quiz!

General Stats

  • This quiz has been taken 4 times
  • The average score is 6 of 26

Answer Stats

HintAnswer% Correct
This really how youdlike to spend your
75%
days the whiskey themisery and parties
75%
you id be the talk of thetown disgraced and disowned
75%
acking take those wallsand start em breaking now
50%
on the dimefifteen
50%
thats a deal that seemsworth taking but I guess
50%
part you gotta playcause I got what you need
25%
would cost me greatlyid give you seven we could
25%
and playsif I was mixed up with
25%
shake and make it happenI wasnt born this morning
25%
forget the cage cause weknow how to make the key
25%
maybe nineten
25%
id do eighttwelve
25%
another one of the clownsbut you can finally laugh a
0%
were going to the other sidecause if you do
0%
were going to the other sidecause if you do like you do
0%
dont you want agetaway to a whole new
0%
so come with me and take the rideitll take you to the other side
0%
little finally live a littlejust let me give you the
0%
to the other sideor if you do like i do
0%
so you can do like meor you can do like i do
0%
oh (Curse) beep Man!Suddenly we free to fly
0%
freedom to fly and itllwake you up cure youre
0%
ill have to leave that up to youwells its intriguing but to go
0%
were going to the other sidewere going to the other side
0%
eighteen would be just finewhy not just pay for nickels
0%

Score Distribution

Percentile by Number Answered

Percent of People with Each Score

Your Score History

You have not taken this quiz